|
|
|
|
| LEADER |
00000nam a2200000Ia 4500 |
| 008 |
170613b2006 cr ||||| |||| 00| | spa d |
| 999 |
|
|
|c 1343
|d 1343
|
| 090 |
|
|
|a 05.03.03
|b 1901
|
| 110 |
2 |
|
|a Consejo Nacional de Rehabilitación y Educación Especial
|9 1368
|
| 245 |
1 |
0 |
|a Nuestros pasos en la participación ciudadana : Experiencia 2005 -2006
|
| 260 |
|
|
|a San José, Costa Rica :
|b CNREE,
|c 2006?
|
| 300 |
|
|
|a 24 páginas
|
| 650 |
1 |
4 |
|a PARTICIPACIÓN COMUNITARIA
|9 2303
|
| 650 |
1 |
4 |
|a PERSONAS CON DISCAPACIDAD
|9 1369
|
| 650 |
1 |
4 |
|a CAPACITACIÓN
|9 729
|
| 942 |
|
|
|i 002647
|h 05.03.03 1901
|2 z
|c 01
|